000 01957cam a22004934i 4500
003 PE-LiUPU
005 20250731173421.0
008 150706s r 000 0 d
020 _a978987557160X
035 _a(Sirsi) i978987557160X
040 _aPE-LiUPU
_bspa
_cPE-LiUPU
_erda
049 _aPRUA
082 0 4 _a248.4
_bB83
_221
100 1 _aBright, Bill,
_eautor.
245 1 0 _aLuz :
_ben medio de tinieblas /
_cBill Bright y Ron Jenson.
264 1 _aBuenos Aires :
_bPeniel,
_c2007.
300 _a168 páginas ;
_c21 cm.
336 _atext
_2rdacontent
337 _aunmediated
_2rdamedia
338 _avolume
_2rdacarrier
504 _aCon notas bibliográficas.
505 0 _aAprender a ver la oscuridad, pensar bíblicamente -- Traspasar con el resplandor, vivir rectamente -- Pasar la antorcha, edificar una familia sana -- Una ciudad sobre un monte, construcción de una iglesia sana -- ¿Esconderla debajo de un almud?, impactar el mundo de los negocios -- Iluminar el mundo, influenciar su cultura -- Avivar la llama, ¿de qué manera está usted transformando su mundo?.
526 _aSEG42
526 _aSEG41
526 _aSEG40
526 _aSEG39
526 _aP94
526 _aP87
526 _aP86
526 _aP85
526 _aP77
526 _aP76
526 _aP35
541 _g001-0000590;
650 0 4 _aVida cristiana.
700 1 _aJenson, Ron,
_eautor.
700 1 _aBarrera, Ester,
_etr.
910 _agl
_bjv
_clch
_d20120625
942 _2ddc
_cBOOK
949 _a248.4 B83
_wDEWEY
_c1
_i64947
_lCCODEBUL1
_mBUL
_p13.00
_r0
_sY
_tBOOK
_u2015-7-6
_xTEOLOGIA
_PP35
_o.STAFF. Colección General
994 _aC0
_bPEPRU
596 _a1
999 _a248.4 B83
_wDEWEY
_c53656
_i64947
_f2021-11-10
_g5
_lCCODEBUL1
_mBUL
_p13.00
_r0
_sY
_tBOOK
_u2015-7-6
_xTEOLOGIA
_PP35
_0COMPRA
_o.STAFF. Colección General
_d53656
980 _81
_gALBERTO SANCHEZ Responsable de Automatización